Religion and gender (Record no. 378386)

000 -LEADER
fixed length control field 00402cam a22001457a 4500
008 - FIXED-LENGTH DATA ELEMENTS--GENERAL INFORMATION
fixed length control field 180718b1995 xxu||||| |||| 00| 0 eng d
020 ## - INTERNATIONAL STANDARD BOOK NUMBER
International Standard Book Number 0631193774
082 ## - DEWEY DECIMAL CLASSIFICATION NUMBER
Classification number AB K588r
245 ## - TITLE STATEMENT
Title Religion and gender
Statement of responsibility, etc. edited by Ursula King
260 ## - PUBLICATION, DISTRIBUTION, ETC.
Place of publication, distribution, etc. Oxford
Name of publisher, distributor, etc. Blackwell
Date of publication, distribution, etc. 1995
300 ## - PHYSICAL DESCRIPTION
Extent 324p.
650 ## - SUBJECT ADDED ENTRY--TOPICAL TERM
Topical term or geographic name entry element Religion - Study and teaching
650 ## - SUBJECT ADDED ENTRY--TOPICAL TERM
Topical term or geographic name entry element Sex role - Religious aspects
700 ## - ADDED ENTRY--PERSONAL NAME
Personal name King, Ursula
Holdings
Withdrawn status Lost status Damaged status Not for loan Permanent Location Current Location Date acquired Full call number Barcode Date last seen Price effective from Koha item type
        Indian Institute of Public Administration Indian Institute of Public Administration 1996-01-23 AB K588r 70031 2018-07-21 2018-07-21 Book

Powered by Koha